Central Library OPAC University of Rajshahi

Blake's poetry and designs : (Record no. 76290)

MARC details
000 -LEADER
fixed length control field 01264nam a2200325 a 4500
001 - CONTROL NUMBER
control field 76290
003 - CONTROL NUMBER IDENTIFIER
rucl marc code BD-RjUL
005 - DATE AND TIME OF LATEST TRANSACTION
control field 20211209082824.0
008 - FIXED-LENGTH DATA ELEMENTS--GENERAL INFORMATION
fixed length control field 781120s1979 nyuaf b 001 0 eng
020 ## - INTERNATIONAL STANDARD BOOK NUMBER
International Standard Book Number 0393090833
Qualifying information paperback
035 ## - SYSTEM CONTROL NUMBER
System control number (BD-RjUL)76511
040 ## - CATALOGING SOURCE
Original cataloging agency DLC
Description conventions rda
Transcribing agency DLC
Modifying agency DLC
-- UkOxU
-- BD-RjUL
Language of cataloging eng
041 ## - LANGUAGE CODE
Language code of text/sound track or separate title eng
082 00 - DEWEY DECIMAL CLASSIFICATION NUMBER
Classification number 821.7
Edition number 23
100 1# - MAIN ENTRY--PERSONAL NAME
Personal name Blake, William,
Dates associated with a name 1757-1827,
Relator term author.
9 (RLIN) 235200
245 10 - TITLE STATEMENT
Title Blake's poetry and designs :
Remainder of title authoritative texts, illuminations in color and monochrome, related prose, criticism /
Statement of responsibility, etc. selected and edited by Mary Lynn Johnson, John E. Grant.
250 ## - EDITION STATEMENT
Edition statement 1st ed. , 1st south Asian ed.
264 #1 - PRODUCTION, PUBLICATION, DISTRIBUTION, MANUFACTURE, AND COPYRIGHT NOTICE
Place of production, publication, distribution, manufacture New York :
Name of producer, publisher, distributor, manufacturer Norton ;
Date of production, publication, distribution, manufacture, or copyright notice 1979.
300 ## - PHYSICAL DESCRIPTION
Pagination xlviii, 618 p. , [32] leaves of plates :
Illustrations ill. ;
Size 22 cm
490 0# - SERIES STATEMENT
Series statement A Norton critical edition
500 ## - GENERAL NOTE
General note Includes indexes.
504 ## - BIBLIOGRAPHY, ETC. NOTE
Bibliography, etc Includes bibliographical references (pages 602-607) and index.
600 10 - SUBJECT ADDED ENTRY--PERSONAL NAME
Personal name Blake, William,
Dates associated with a name 1757-1827
General subdivision Criticism and interpretation.
700 1# - ADDED ENTRY--PERSONAL NAME
Personal name Johnson, Mary Lynn,
Dates associated with a name 1937-, ed.
Personal name Grant, John E.
Fuller form of name (John Ernest), jt ed.
830 ## - SERIES ADDED ENTRY--UNIFORM TITLE
Uniform title A Norton critical edition
942 ## - ADDED ENTRY ELEMENTS (KOHA)
Source of classification or shelving scheme Dewey Decimal Classification
Koha item type Books
Holdings
Lost status Source of classification or shelving scheme Damaged status Not for loan Collection code Permanent Location Current Location Shelving location Date acquired Source of acquisition Cost, normal purchase price Total Checkouts Full call number Date last seen Date checked out Copy number Koha item type
  Dewey Decimal Classification     Fiction Central Library, University of Rajshahi Central Library, University of Rajshahi   09/03/2008 Dhaka, Paragon Enterprises Ltd. 225.00 2 821.7 BLB 1979 10/03/2025 17/12/2021 C-2 Books